[Event "EU-Cup 34th"]
[Site "Porto Carras"]
[Date "2018.10.13"]
[Round "2.1"]
[White "Carlsen, Magnus"]
[Black "Potkin, Vladimir"]
[Result "1-0"]
[WhiteElo "2839"]
[BlackElo "2597"]
[Annotator "Mikhalchishin,Adrian"]
[PlyCount "97"]
[EventDate "2018.10.12"]
[EventType "team-swiss"]
[EventRounds "7"]
[EventCountry "GRE"]
[SourceTitle "CBM 187"]
[Source "ChessBase"]
[SourceDate "2018.12.11"]
[SourceVersion "1"]
[SourceVersionDate "2018.12.11"]
[SourceQuality "1"]
[WhiteTeam "Valerenga"]
[BlackTeam "Molodezhka"]
[WhiteTeamCountry "NOR"]
[BlackTeamCountry "RUS"]

1. e4 {Havasi,Gergo} e5 2. Nf3 Nc6 3. Bc4 Bc5 4. c3 Nf6 5. d3 d6 6. Nbd2 O-O 7. b4 ({RR} 7. O-O a6 8. Bb3 Be6 9. Re1 Re8 10. Nf1 d5 11. exd5 Bxd5 ({RR} 11... Nxd5 12. Ng5 ({RR} 12. Nxe5 Bxf2+ ({RR} 12... Nxe5 13. d4 Bxd4 14. Qxd4 Ng6) 13. Kxf2 Nxe5) 12... Qd7 13. Nxe6 ({RR} 13. Qf3 Rad8) 13... Rxe6) 12. Bg5 Qd6 13. Bc2 ({RR} 13. Bxf6 Bxb3 14. Qxb3 Qxf6) 13... h6 14. Bh4 Nh5 15. Ne3 Bxe3 16. Rxe3 ({RR} 16. fxe3 e4) 16... Nf4) 7... Bb6 8. Bb3 (8. a4 {is also typical, but it can't harm Black:} a5 9. b5 Ne7 $13) ({RR} 8. a4 a5 9. b5 Ne7) ({RR} 8. a4 a5 9. b5 Ne7 10. Nf1 d5 11. exd5 Nexd5 12. Qb3 Be6 13. Ng3 Nf4 14. Bxf4 exf4 15. Ne4 Qxd3 16. Nxf6+ gxf6 17. Bxd3 Bxb3 18. O-O Rad8 19. Be4 Rfe8 20. Rfe1 f5 21. Bxb7 Rxe1+ 22. Rxe1 Bxa4 {Srivatsan Karthikeyan (1905)-Palczert,M (2427) chess.com INT 2025 0-1}) 8... Ne7 {A typical improving manouevre à la Karpov.} 9. Nc4 ({It is also possible to start flank activity faster:} 9. a4 c6 $1 10. Nc4 Bc7 11. Bg5 (11. O-O Ng6 12. Re1 Re8 13. Qc2 d5 14. Ncd2 Nf4 $13 {Goetz-Neunhoeffer, Germany 1995} (14... h6 $5 { ...e6, ...d7}) ({RR} 14... h6)) ({RR} 11. O-O Ng6 12. Re1 Re8 13. Qc2 d5 14. Ncd2 Nf4) 11... Ng6 $1 (11... d5 $5) ({RR} 11... d5) 12. Nh4 (12. O-O h6 13. Be3 d5 $13 {with a good position} (13... Be6 $13 {is also good.}) ({RR} 13... Be6)) ({RR} 12. O-O h6 13. Be3 d5) 12... Kh8 (12... d5 $1 {is even better.} 13. exd5 cxd5 14. Ne3 Nf4 $15) ({RR} 12... d5 13. exd5 cxd5 14. Ne3 Nf4) 13. Nxg6+ fxg6 14. Ne3 h6 15. Bh4 (15. Bxf6 Qxf6 $132) ({RR} 15. Bxf6 Qxf6) 15... Bb6 $1 {Activating the bishop.} (15... a5 $5 {or}) (15... g5 $5 {is also good.}) ({RR} 15... a5) ({RR} 15... g5) 16. Qe2 a5 $1 {with counterplay,Fressinet,L (2711)-Hammer,J (2638) Malmo 2014.} {RR} 17. O-O g5 18. Bg3 axb4 19. cxb4 Bd4 20. Rab1 Qe8) ({RR} 9. a4 c6 10. Nc4 Bc7 11. Bg5 Ng6 12. Nh4 Kh8 13. Nxg6+ fxg6 14. Ne3 h6 15. Bh4 Bb6 16. Qe2 a5 17. b5 Qe8 ({RR} 17... cxb5 18. Bxf6) ({RR} 17... g5 18. Bg3 cxb5 19. axb5 Bd7 20. Ba4 Be6) 18. Nc4 ({RR} 18. Bxf6 Rxf6 19. O-O) 18... Bc5 19. bxc6 bxc6 20. O-O g5 ({RR} 20... Nh5) 21. Bg3 Nh5 22. d4 ({RR} 22. Rad1 Nf4 23. Bxf4 gxf4 24. Qf3 Qg6 25. h3) 22... Nxg3 23. hxg3 exd4 {Fressinet,L (2711)-Hammer,J (2638) Malmo 2014 CBM 161 [Havasi,Gergo] ½-½}) 9... Ng6 10. O-O ({In my opinion more interesting here is} 10. a4 c6 11. Nxb6 axb6 12. Be3 d5 13. Bc2 Qc7 14. h3 Rd8 15. Qb1 dxe4 16. dxe4 Be6 17. O-O h6 18. a5 Nd7 19. Rd1 bxa5 20. bxa5 Rxa5 21. Rxa5 Qxa5 22. Bb6 $1 {winning material, Onischuk,V (2627)-Buckels,V (2363) Dresden GER 2018}) 10... c6 $146 ({An even preciser equalizing way was demonstrated in an old game:} 10... Be6 11. Re1 h6 12. Nxb6 Bxb3 13. Qxb3 axb6 14. b5 Re8 15. Bd2 Qd7 16. a4 d5 {1/2 (16) Nunn,J (2610)-Azmaiparashvili,Z (2575) Amsterdam 1990}) ({RR} 10... Be6 11. a4 c6 12. h3 h6 13. Re1 Bc7 14. Qc2 Nh5 15. d4 Qf6 16. Nh2 Ngf4 17. Ng4 Qg6 18. f3 Bxc4 19. Bxc4 Nf6 20. Bxf4 Nxg4 21. hxg4 exf4 22. Bd3 h5 23. gxh5 Qxh5 24. Kf2 Bd8 25. Rh1 {Forsberg Conde,M (2046)-Gonzalez Santamartina,J (1795) Salobrena 2012 1-0 (54)}) ({RR} 10... Be6 11. Re1 h6 12. Nxb6 Bxb3 13. Qxb3 axb6 14. b5 Re8 15. Bd2 Qd7) 11. Nxb6 axb6 12. a4 Re8 ({Not bad was to exchange the double pawn with} 12... b5 13. Re1 bxa4 14. Rxa4 Rxa4 15. Bxa4 Be6) 13. Be3 Be6 14. Bc2 {White must retreat with this important bishop since after the Black is very comfortable.} (14. Bxe6 Rxe6 15. Qc2 d5) 14... d5 15. h3 Qc7 16. Re1 h6 17. exd5 Nxd5 ({A more risky, but very much playable approach would be} 17... Bxd5 18. d4 exd4 19. Bxd4 Nf4 20. Bxf6 gxf6) 18. Bd2 Bf5 19. d4 {Now forced play starts for some moves.} Bxc2 20. Qxc2 exd4 21. Nxd4 c5 22. bxc5 bxc5 23. Nf5 ({Much weaker was another position of the knight:} 23. Nb5 Qc6) 23... Qc6 24. c4 Ndf4 25. Rxe8+ Rxe8 26. Bxf4 Nxf4 27. Ne3 Rd8 (27... b6 28. Rb1 Qd6) 28. Rb1 ({Nothing promised} 28. a5 Ra8 $1) 28... h5 ({It was possible to keep the pawn structure more compact:} 28... b6 29. Rb5 Qf6) 29. a5 h4 30. Rb6 ({More energetic was} 30. Qf5 Qc7 31. Rb5 Ne2+ 32. Kh1 Nd4 33. Rxc5) 30... Qd7 31. Qb2 Nd3 ({A bit more precise was the defence} 31... Qc7 32. Rxb7 Qxa5 33. Nf5 Qe1+ 34. Kh2 Ne6) 32. Qb1 {[#]} Nb4 $2 ({It was necessary to keep counterattacking with} 32... Qa4 33. Rb5 g6) 33. Qe4 Qd4 {Black's best chance seems to be pawn sacrifice transferring to a rook ending, but Carlsen shows great technique.} 34. Qxd4 cxd4 35. Rxb4 dxe3 36. fxe3 Rd1+ 37. Kf2 Ra1 38. Rb5 Ra2+ 39. Kf3 g6 (39... Ra4 40. c5 Kf8 41. e4 Ke8 42. Kf4 g6 (42... Kd8 43. Rxb7 Rxa5 44. Rxf7 Rxc5 45. Rxg7) 43. Ke5 {with decisive activation of the king.}) 40. c5 Kg7 41. Ke4 Rxg2 ({Also no rescue was} 41... Kf6 42. Rb6+ Ke7 43. Rxb7+ Ke6 44. Rb6+ Kd7 45. a6 Rxg2 46. a7 Ra2 47. Rb7+ Kc6 48. Rxf7 Kxc5 49. Ke5 Ra6 50. e4) 42. Rxb7 g5 ({Black has no real chances for a defence:} 42... Ra2 43. c6 Rxa5 44. Kd4 Ra2 45. Rb4 Ra8 46. Kc5 Rc8 47. Kd6 Rd8+ 48. Ke7 Rd3 49. c7 Rc3 50. Kd6 Kh6 51. Rb5 g5 52. Rc5) 43. c6 {Now the win is very simple.} g4 44. c7 Rc2 45. Kd3 Rc1 46. Kd2 Rc6 47. a6 gxh3 48. a7 h2 49. Rb1 1-0

[Event "EU-Cup 34th"]
[Site "Porto Carras"]
[Date "2018.10.17"]
[Round "6.1"]
[White "Carlsen, Magnus"]
[Black "Ding, Liren"]
[Result "1/2-1/2"]
[WhiteElo "2839"]
[BlackElo "2804"]
[PlyCount "114"]
[EventDate "2018.10.12"]
[EventType "team-swiss"]
[EventRounds "7"]
[EventCountry "GRE"]
[SourceTitle "CBM 187"]
[Source "ChessBase"]
[SourceDate "2018.12.11"]
[SourceVersion "1"]
[SourceVersionDate "2018.12.11"]
[SourceQuality "1"]
[WhiteTeam "Valerenga"]
[BlackTeam "Alkaloid"]
[WhiteTeamCountry "NOR"]
[BlackTeamCountry "MKD"]

1. e4 e5 2. Nf3 Nc6 3. Nc3 Nf6 4. d4 exd4 5. Nxd4 Bb4 6. Nxc6 bxc6 7. Bd3 d5 8. exd5 O-O 9. O-O cxd5 10. Bg5 c6 11. Qf3 Bd6 12. h3 h6 13. Bf4 Rb8 14. b3 Rb4 ({RR} 14... Rb7 15. Rad1 Re8 16. Na4 c5 17. Rfe1 Rbe7 18. Rxe7 Qxe7 19. Bxd6 Qxd6 20. Qg3 Qc6 21. Nc3 a6 22. Be2 d4 23. Bf3 Qe6 24. Na4 Qf5 25. Qc7 Qxc2 26. Rxd4 Bd7 27. Rxd7 Nxd7 28. Qxd7 Re1+ 29. Kh2 {Gunina,V (2405)-Girya,O (2401) Moscow RUS 2025 1-0 (62)}) 15. Bxd6 Qxd6 16. Rfe1 a5 $146 ({RR} 16... Be6 17. Ne2 Re8 18. c3 Rbb8 19. Nd4 Bd7 20. Bf5 Rxe1+ 21. Rxe1 c5 22. Nc2 a5 23. Bxd7 Qxd7 24. Rd1 Qe6 25. Ne3 Rd8 26. Nf5 Ne4 27. g4 Ng5 28. Qg3 Qe4 29. h4 Nf3+ 30. Kf1 d4 31. cxd4 {Yirik,V (1957)-Haddouche,M (2483) Chess.com INT 2022 0-1 (37)}) ({RR} 16... Be6 17. Ne2 Re8 18. c3 Rbb8 19. Nd4 Bd7 20. Bf5 Rxe1+ 21. Rxe1 c5 22. Nc2 a5 23. Bxd7 Qxd7 24. Rd1 Qe6 25. Ne3 Rd8 26. Nf5 Ne4 27. g4 Ng5 28. Qg3 Qe4 29. h4 Nf3+ 30. Kf1 d4 31. cxd4 {Yirik,V (1957)-Haddouche,M (2483) Chess.com INT 2022 0-1 (37)}) 17. Rad1 Bd7 18. Qe3 Rc8 19. Qa7 Rh4 20. Re3 Qc7 21. Qxc7 Rxc7 22. Na4 c5 23. g4 d4 24. Rf3 Nxg4 25. Re1 Nf6 26. Nb6 Bc6 27. Rg3 g5 28. Re5 Nh5 29. Bf5 Rf4 30. Rg4 Bf3 31. Rxf4 Nxf4 32. Nd7 c4 33. bxc4 Rxc4 34. Rxa5 Rb4 35. Kh2 Rb1 36. Ne5 Rh1+ 37. Kg3 Bd5 38. f3 Re1 39. Nd3 Rg1+ 40. Kf2 Rg2+ 41. Ke1 Re2+ 42. Kf1 Bc4 43. Kg1 Rg2+ 44. Kh1 Bxd3 45. Bxd3 Rg3 46. h4 Rh3+ 47. Kg1 Rxh4 48. Bf1 Kg7 49. a4 Ng6 50. Rc5 d3 51. a5 dxc2 52. Rxc2 Ra4 53. a6 h5 54. Rc5 Kf6 55. Rc6+ Kg7 56. Rc5 Kf6 57. Rc6+ Kg7 1/2-1/2

[Event "EU-Cup 34th"]
[Site "Porto Carras"]
[Date "2018.10.18"]
[Round "7.1"]
[White "Svidler, Peter"]
[Black "Carlsen, Magnus"]
[Result "1/2-1/2"]
[WhiteElo "2756"]
[BlackElo "2839"]
[PlyCount "115"]
[EventDate "2018.10.12"]
[EventType "team-swiss"]
[EventRounds "7"]
[EventCountry "GRE"]
[SourceTitle "CBM 187"]
[Source "ChessBase"]
[SourceDate "2018.12.11"]
[SourceVersion "1"]
[SourceVersionDate "2018.12.11"]
[SourceQuality "1"]
[WhiteTeam "St Petersburg Bronze Horseman"]
[BlackTeam "Valerenga"]
[WhiteTeamCountry "RUS"]
[BlackTeamCountry "NOR"]

1. e4 c6 2. d4 d5 3. Nd2 dxe4 4. Nxe4 Nf6 5. Nxf6+ exf6 6. c3 Bd6 7. Bd3 O-O 8. Qc2 Re8+ 9. Be3 h6 10. Ne2 Na6 ({RR} 10... Be6 11. O-O Qc7 12. g3 Nd7 13. Rfe1 Bd5 14. c4 Bf3 15. Nc3 Bb4 16. a3 Bxc3 17. Qxc3 g5 18. Bf5 Bh5 19. f4 Re7 20. Bf2 Nf8 21. d5 Rxe1+ 22. Rxe1 Qd6 23. c5 Qxd5 24. Qxf6 Nh7 25. Qxh6 {Mista,A (2616)-Landa,K (2647) Germany 2014 0-1 (42)}) 11. O-O ({RR} 11. O-O-O Nc7 12. Rdg1 Ne6 13. g4 Qc7 14. h4 Nf4 15. g5 Nxe2+ 16. Qxe2 fxg5 17. hxg5 Bf4 18. gxh6 g6 19. Kc2 Bxe3 20. fxe3 Kh7 21. e4 c5 22. d5 Qe5 23. Qf2 Re7 24. Qxc5 b6 25. Qd4 Bd7 {Santeramo,A (2162)-Bold,A (2218) chess.com INT 2024 1-0 (45)}) 11... Nc7 12. c4 Bg4 13. h3 $146 ({RR} 13. Nc3 Qd7 14. Ne4 Ne6 15. d5 cxd5 16. cxd5 Nc7 17. h3 Bh5 18. Nc3 Be5 19. Bf5 Qd6 20. Ne4 Qxd5 21. Nc5 Rab8 22. Be4 Bg6 23. Bxg6 fxg6 24. Qxg6 Qf7 25. Qxf7+ Kxf7 26. Nd7 Ra8 27. Rfd1 b6 {Shailesh,D (2269)-Muthaiah,A (2299) Rajahmundry 2016 ½-½}) 13... Bxe2 14. Bxe2 Ne6 15. Rad1 Qc7 16. Bg4 Rad8 17. Rfe1 Bf4 18. Bxf4 Nxf4 19. Rxe8+ Rxe8 20. h4 Qa5 21. g3 f5 22. Bf3 Re1+ 23. Kh2 Rxd1 24. Qxd1 Ng6 25. a3 f4 26. Be4 fxg3+ 27. fxg3 Nf8 28. d5 cxd5 29. Qxd5 Qxd5 30. Bxd5 b6 31. b4 Nd7 32. Kg2 Kf8 33. Kf2 Nf6 34. Bf3 Ke7 35. Ke3 Kd6 36. Kd4 Ng8 37. c5+ bxc5+ 38. bxc5+ Kc7 39. Bd5 Ne7 40. Ke5 Nxd5 41. Kxd5 h5 42. c6 a6 43. a4 a5 44. Kc5 f6 45. Kd5 g5 46. Ke6 Kxc6 47. Kxf6 gxh4 48. gxh4 Kd6 49. Kg5 Ke5 50. Kxh5 Kf5 51. Kh6 Kf6 52. h5 Kf7 53. Kg5 Kg7 54. h6+ Kh7 55. Kh5 Kh8 56. Kg6 Kg8 57. h7+ Kh8 58. Kh6 1/2-1/2